[Event "Winnipeg TNT April op"]
[Site "Winnipeg CAN"]
[Date "2017.04.04"]
[Round "1"]
[White "Myrzaibraimova, Aibike"]
[Black "Rutter, Blair"]
[Result "0-1"]
[WhiteElo "1565"]
[BlackElo "2036"]
[WhiteFideId "-1"]
[WhiteFideId "-1"]
[PlyCount "54"]
[GameId "2160767908412205"]
[EventDate "2017.04.04"]
[EventType "swiss"]
[EventRounds "4"]
[EventCountry "CAN"]
[SourceTitle "EXT 2022"]
[Source "ChessBase"]
[SourceDate "2021.10.06"]
[SourceVersion "1"]
[SourceVersionDate "2021.10.06"]
[SourceQuality "1"]

1. e4 e6 2. d4 d5 3. e5 c5 4. c3 Nc6 5. Be3 Qb6 6. f4 Qxb2 7. Nd2 Qxc3 8. Bf2 c4 9. Ne2 Qa5 10. g3 Bb4 11. Be3 c3 12. Nxc3 Bxc3 13. Rc1 Nge7 14. Bg2 Nf5 15. Bf2 Bd7 16. Rc2 Nfxd4 17. Bxd4 Nxd4 18. Rc1 Rc8 19. Rb1 O-O 20. Rxb7 Ba4 21. Qc1 Nc2+ 22. Kd1 Ne3+ 23. Ke2 Nxg2 24. Rg1 Qa6+ 25. Kf2 Bd4+ 26. Kxg2 Rxc1 27. Rxc1 Qxb7 0-1

[Event "Winnipeg TNT April op"]
[Site "Winnipeg CAN"]
[Date "2017.04.04"]
[Round "1"]
[White "Reimer, Bruce"]
[Black "Valentino, Marcos"]
[Result "0-1"]
[WhiteElo "1658"]
[BlackElo "2184"]
[WhiteFideId "-1"]
[WhiteFideId "-1"]
[PlyCount "128"]
[GameId "2160767908412206"]
[EventDate "2017.04.04"]
[EventType "swiss"]
[EventRounds "4"]
[EventCountry "CAN"]
[SourceTitle "EXT 2022"]
[Source "ChessBase"]
[SourceDate "2021.10.06"]
[SourceVersion "1"]
[SourceVersionDate "2021.10.06"]
[SourceQuality "1"]

1. c4 g6 2. g3 Bg7 3. Bg2 Nf6 4. Nc3 O-O 5. e4 d6 6. Nge2 c5 7. O-O Nc6 8. a3 Bd7 9. h3 Qc8 10. Kh2 Ne5 11. d3 Nh5 12. f4 Nc6 13. Rb1 e5 14. g4 Nxf4 15. Nxf4 exf4 16. Bxf4 Ne5 17. Nd5 Qd8 18. Bg3 Be6 19. Ne3 a5 20. b3 Qg5 21. Bf4 Qe7 22. Nc2 Qh4 23. Ne3 Ra6 24. Bg3 Qe7 25. Qe2 Bh6 26. Bxe5 dxe5 27. Nd5 Bxd5 28. exd5 Qd6 29. Kg1 Bf4 30. Qf2 f5 31. gxf5 Rxf5 32. Qh4 Ra8 33. Qg4 Raf8 34. Kh1 Kg7 35. Be4 Rh5 36. Rf3 b6 37. Rg1 Rg5 38. Qe6 Qxe6 39. dxe6 Rxg1+ 40. Kxg1 Kf6 41. Bd5 Ke7 42. Kg2 g5 43. a4 h5 44. Rf2 g4 45. hxg4 hxg4 46. Rf1 Rh8 47. Rh1 Rxh1 48. Kxh1 Bg5 49. Kg2 Bh4 50. Kf1 Kf6 51. Ke2 Kf5 52. Ke3 Bg5+ 53. Kf2 Kf4 54. Kg2 Bh4 55. Kg1 Ke3 56. Be4 Kd2 57. Bf5 Kc3 58. Bxg4 Kxd3 59. Kg2 Kc2 60. Kf3 Kxb3 61. Ke4 Kxa4 62. Kxe5 Kb4 63. Be2 a4 64. Kd6 a3 0-1

[Event "Winnipeg TNT April op"]
[Site "Winnipeg CAN"]
[Date "2017.04.04"]
[Round "1"]
[White "Schulz, Waldemar"]
[Black "Marshall, Ken"]
[Result "1/2-1/2"]
[WhiteElo "1966"]
[BlackElo "1479"]
[WhiteFideId "-1"]
[WhiteFideId "-1"]
[PlyCount "75"]
[GameId "2160767908412207"]
[EventDate "2017.04.04"]
[EventType "swiss"]
[EventRounds "4"]
[EventCountry "CAN"]
[SourceTitle "EXT 2022"]
[Source "ChessBase"]
[SourceDate "2021.10.06"]
[SourceVersion "1"]
[SourceVersionDate "2021.10.06"]
[SourceQuality "1"]

1. d4 d5 2. Nf3 Bf5 3. c4 c6 4. Nc3 Nf6 5. e3 e6 6. Be2 Nbd7 7. O-O h5 8. Re1 Ng4 9. Bd3 Bd6 10. Bxf5 exf5 11. cxd5 cxd5 12. Nxd5 Ndf6 13. Nxf6+ Nxf6 14. Qa4+ Qd7 15. Qxd7+ Nxd7 16. Bd2 O-O 17. Rac1 Nf6 18. Rc2 Ne4 19. Rec1 Nxd2 20. Nxd2 f4 21. e4 Rfe8 22. e5 Bb4 23. Nf3 Ba5 24. g3 fxg3 25. hxg3 Bb6 26. Rd1 Rad8 27. Kg2 Re7 28. Rcd2 Red7 29. a3 Rd5 30. Kf1 g5 31. Nxg5 Rxd4 32. Nf3 Rxd2 33. Rxd2 Rxd2 34. Nxd2 Bd4 35. b3 Bxe5 36. Ke2 Kg7 37. Nc4 Bc7 38. Nd2 1/2-1/2

[Event "Winnipeg TNT April op"]
[Site "Winnipeg CAN"]
[Date "2017.04.04"]
[Round "1"]
[White "Wiebe, Isaac"]
[Black "Czarny, Keith"]
[Result "1-0"]
[WhiteElo "2234"]
[BlackElo "1661"]
[WhiteFideId "-1"]
[WhiteFideId "-1"]
[PlyCount "85"]
[GameId "2160767908412209"]
[EventDate "2017.04.04"]
[EventType "swiss"]
[EventRounds "4"]
[EventCountry "CAN"]
[SourceTitle "EXT 2022"]
[Source "ChessBase"]
[SourceDate "2021.10.06"]
[SourceVersion "1"]
[SourceVersionDate "2021.10.06"]
[SourceQuality "1"]

1. d4 e6 2. Nf3 f5 3. d5 exd5 4. Qxd5 d6 5. Nc3 Nf6 6. Qb3 Be7 7. Bg5 Qd7 8. e3 a6 9. Bc4 Bd8 10. O-O Nc6 11. Bxf6 gxf6 12. Be2 Na5 13. Qb4 c5 14. Qh4 Qf7 15. Nd2 Rg8 16. Bh5 Rg6 17. Bxg6 hxg6 18. b4 cxb4 19. Qxb4 Nc6 20. Qh4 Be7 21. Rfd1 g5 22. Qg3 Ne5 23. Nf3 Ng6 24. Nd5 f4 25. exf4 gxf4 26. Nxf4 Ne5 27. Nxe5 fxe5 28. Nd5 Bd8 29. Qb3 Be6 30. c4 Rc8 31. Rab1 b5 32. Ne3 bxc4 33. Qa4+ Bd7 34. Qxa6 Rc6 35. Qa4 Rc5 36. Qa3 Ra5 37. Qxd6 Rxa2 38. Qxe5+ Be6 39. Rxd8+ Kxd8 40. Rb8+ Bc8 41. Qd6+ Qd7 42. Qf6+ Kc7 43. Qb6# 1-0

[Event "Winnipeg TNT April op"]
[Site "Winnipeg CAN"]
[Date "2017.04.04"]
[Round "1"]
[White "Wolchock, Theo"]
[Black "Magyar, Peter"]
[Result "1-0"]
[WhiteElo "1987"]
[BlackElo "1529"]
[WhiteFideId "-1"]
[WhiteFideId "-1"]
[PlyCount "63"]
[GameId "2160767908412210"]
[EventDate "2017.04.04"]
[EventType "swiss"]
[EventRounds "4"]
[EventCountry "CAN"]
[SourceTitle "EXT 2022"]
[Source "ChessBase"]
[SourceDate "2021.10.06"]
[SourceVersion "1"]
[SourceVersionDate "2021.10.06"]
[SourceQuality "1"]

1. c4 c5 2. g3 Nf6 3. Bg2 e6 4. Nf3 d6 5. O-O Be7 6. d4 O-O 7. Nc3 a6 8. b3 Nbd7 9. Bb2 Rb8 10. a4 b6 11. e4 Bb7 12. d5 e5 13. Ne1 Re8 14. f4 h6 15. Nd3 Bc8 16. Qf3 Qc7 17. Rae1 Kh7 18. f5 Rh8 19. g4 Kg8 20. Bc1 Kf8 21. g5 Ng8 22. f6 gxf6 23. gxh6 Nxh6 24. Qh5 Ke8 25. Bh3 Bf8 26. Be6 Rg8+ 27. Kh1 Ke7 28. Bxh6 fxe6 29. dxe6 Kd8 30. Nd5 Qa7 31. Bxf8 Rxf8 32. e7# 1-0

[Event "Winnipeg TNT April op"]
[Site "Winnipeg CAN"]
[Date "2017.04.11"]
[Round "2"]
[White "Bince, Rolando"]
[Black "Letain, Cory"]
[Result "1-0"]
[WhiteElo "2127"]
[BlackElo "1699"]
[WhiteFideId "-1"]
[WhiteFideId "-1"]
[PlyCount "63"]
[GameId "2160767908412211"]
[EventDate "2017.04.04"]
[EventType "swiss"]
[EventRounds "4"]
[EventCountry "CAN"]
[SourceTitle "EXT 2022"]
[Source "ChessBase"]
[SourceDate "2021.10.06"]
[SourceVersion "1"]
[SourceVersionDate "2021.10.06"]
[SourceQuality "1"]

1. c4 b6 2. e4 e6 3. Nc3 Bb7 4. Nf3 Bb4 5. Bd3 Ne7 6. Qb3 Nbc6 7. a3 Bxc3 8. Qxc3 O-O 9. O-O f5 10. b4 Nb8 11. Bb2 Rf7 12. Rfe1 fxe4 13. Bxe4 Bxe4 14. Rxe4 Qf8 15. Rf1 Rf6 16. Qd3 Rf4 17. Ng5 Qf5 18. Qe3 Rxe4 19. Nxe4 Nbc6 20. d4 d5 21. Ng3 Qg6 22. c5 Nf5 23. Nxf5 Qxf5 24. Re1 Re8 25. cxb6 cxb6 26. Rc1 Rc8 27. h3 Ne7 28. Re1 Kf7 29. g4 Qg6 30. Re2 Nf5 31. Qf4 Ke7 32. Qxf5 1-0

[Event "Winnipeg TNT April op"]
[Site "Winnipeg CAN"]
[Date "2017.04.11"]
[Round "2"]
[White "Clark, Jeff"]
[Black "Wolchock, Theo"]
[Result "1/2-1/2"]
[WhiteElo "2018"]
[BlackElo "1987"]
[WhiteFideId "-1"]
[WhiteFideId "-1"]
[PlyCount "31"]
[GameId "2160767908412212"]
[EventDate "2017.04.04"]
[EventType "swiss"]
[EventRounds "4"]
[EventCountry "CAN"]
[SourceTitle "EXT 2022"]
[Source "ChessBase"]
[SourceDate "2021.10.06"]
[SourceVersion "1"]
[SourceVersionDate "2021.10.06"]
[SourceQuality "1"]

1. e4 e5 2. Nf3 Nc6 3. Bb5 f5 4. d3 fxe4 5. dxe4 Nf6 6. O-O d6 7. Nc3 Be7 8. h3 O-O 9. Bc4+ Kh8 10. Be3 Na5 11. Be2 Be6 12. b3 Qe8 13. Ng5 Bg8 14. Nd5 Qd8 15. Qd2 Nc6 16. Nxf6 1/2-1/2

[Event "Winnipeg TNT April op"]
[Site "Winnipeg CAN"]
[Date "2017.04.11"]
[Round "2"]
[White "Czarny, Keith"]
[Black "Myrzaibraimov, Azamat"]
[Result "1-0"]
[WhiteElo "1661"]
[BlackElo "1507"]
[WhiteFideId "-1"]
[WhiteFideId "-1"]
[PlyCount "87"]
[GameId "2160767908412213"]
[EventDate "2017.04.04"]
[EventType "swiss"]
[EventRounds "4"]
[EventCountry "CAN"]
[SourceTitle "EXT 2022"]
[Source "ChessBase"]
[SourceDate "2021.10.06"]
[SourceVersion "1"]
[SourceVersionDate "2021.10.06"]
[SourceQuality "1"]

1. d4 d5 2. Nf3 Nc6 3. g3 h6 4. Bg2 Bf5 5. O-O e6 6. a3 Bd6 7. Nc3 a6 8. Bd2 Nf6 9. Re1 Na5 10. b3 O-O 11. Qc1 Nh5 12. Ne5 Bh7 13. e4 Bxe5 14. dxe5 d4 15. Ne2 d3 16. Bxh6 dxe2 17. g4 b6 18. Bd2 Qh4 19. gxh5 Qxh5 20. Bf4 g5 21. Bg3 Rad8 22. Qe3 Rd1 23. Bf3 g4 24. Bxe2 Rxa1 25. Rxa1 b5 26. Qf4 Qg6 27. Qxg4 Qxg4 28. Bxg4 Bxe4 29. Rc1 Rd8 30. Rd1 Rd5 31. Rxd5 exd5 32. Bd1 c5 33. f3 Bg6 34. Kf2 Kf8 35. Ke3 Ke7 36. Bh4+ Ke6 37. f4 d4+ 38. Kd2 Kf5 39. Bg3 b4 40. Be2 Ke6 41. Bc4+ Ke7 42. a4 Be4 43. Bh4+ Kf8 44. Bd8 1-0

[Event "Winnipeg TNT April op"]
[Site "Winnipeg CAN"]
[Date "2017.04.11"]
[Round "2"]
[White "Czypinski, Jaroslaw"]
[Black "Wiebe, Isaac"]
[Result "0-1"]
[WhiteElo "1982"]
[BlackElo "2234"]
[WhiteFideId "-1"]
[WhiteFideId "-1"]
[PlyCount "92"]
[GameId "2160767908412214"]
[EventDate "2017.04.04"]
[EventType "swiss"]
[EventRounds "4"]
[EventCountry "CAN"]
[SourceTitle "EXT 2022"]
[Source "ChessBase"]
[SourceDate "2021.10.06"]
[SourceVersion "1"]
[SourceVersionDate "2021.10.06"]
[SourceQuality "1"]

1. d4 e6 2. Nf3 f5 3. Bg5 Nf6 4. e3 Be7 5. Nc3 O-O 6. Bd3 d5 7. Ne5 Nbd7 8. Bf4 c5 9. Be2 Ne4 10. Nxd7 Nxc3 11. bxc3 Bxd7 12. O-O c4 13. Be5 Bc6 14. f4 Bf6 15. Bxf6 Rxf6 16. Bf3 Rh6 17. Qe1 Qe7 18. Be2 Kh8 19. Rf3 Rg8 20. Rg3 Ba4 21. Qc1 g5 22. Rxg5 Rxg5 23. fxg5 Rg6 24. h4 h6 25. Bh5 Rg8 26. Qd1 hxg5 27. hxg5 Qxg5 28. Qf3 Bxc2 29. Kf2 Be4 30. Qh3 Qxg2+ 31. Qxg2 Rxg2+ 32. Kf1 Rh2 33. Bd1 Rh1+ 34. Ke2 Bc2 35. Kd2 Rxd1+ 36. Rxd1 Bxd1 37. Kxd1 Kg7 38. Ke2 Kf6 39. Kf3 e5 40. Kg3 exd4 41. exd4 Kg5 42. Kf3 f4 43. Kf2 Kg4 44. Kg2 f3+ 45. Kf2 Kf4 46. a3 b5 0-1

[Event "Winnipeg TNT April op"]
[Site "Winnipeg CAN"]
[Date "2017.04.11"]
[Round "2"]
[White "Einarsson, Ken"]
[Black "Kernetsky, Myron"]
[Result "0-1"]
[WhiteElo "1753"]
[BlackElo "2126"]
[WhiteFideId "-1"]
[WhiteFideId "-1"]
[PlyCount "82"]
[GameId "2160767908412215"]
[EventDate "2017.04.04"]
[EventType "swiss"]
[EventRounds "4"]
[EventCountry "CAN"]
[SourceTitle "EXT 2022"]
[Source "ChessBase"]
[SourceDate "2021.10.06"]
[SourceVersion "1"]
[SourceVersionDate "2021.10.06"]
[SourceQuality "1"]

1. d4 Nf6 2. c4 e6 3. Nc3 Bb4 4. Bd2 d5 5. cxd5 exd5 6. Nf3 O-O 7. e3 c6 8. Bd3 Nbd7 9. O-O Bd6 10. Qc2 Re8 11. Rae1 h6 12. e4 dxe4 13. Nxe4 Nxe4 14. Rxe4 Rxe4 15. Bxe4 Nf6 16. Re1 Nxe4 17. Qxe4 Be6 18. a3 Qf6 19. Bc3 Bd5 20. Qd3 Qf4 21. Bd2 Qg4 22. h3 Qh5 23. Ne5 Re8 24. Ng4 Rxe1+ 25. Bxe1 Qh4 26. Bd2 Qh5 27. Qe3 Kf8 28. Ne5 Qf5 29. Bc3 f6 30. Nf3 Bxf3 31. gxf3 Qxh3 32. f4 Qg4+ 33. Qg3 Qxf4 34. Qxf4 Bxf4 35. Kg2 Kf7 36. Kf3 Bc7 37. Kg4 g6 38. Bd2 h5+ 39. Kh4 Ke6 40. Be3 Kd5 41. b4 Bb6 0-1

[Event "Winnipeg TNT April op"]
[Site "Winnipeg CAN"]
[Date "2017.04.11"]
[Round "2"]
[White "Lei, Yanyu"]
[Black "Schulz, Waldemar"]
[Result "0-1"]
[WhiteElo "1183"]
[BlackElo "1966"]
[WhiteFideId "-1"]
[WhiteFideId "-1"]
[PlyCount "96"]
[GameId "2160767908412216"]
[EventDate "2017.04.04"]
[EventType "swiss"]
[EventRounds "4"]
[EventCountry "CAN"]
[SourceTitle "EXT 2022"]
[Source "ChessBase"]
[SourceDate "2021.10.06"]
[SourceVersion "1"]
[SourceVersionDate "2021.10.06"]
[SourceQuality "1"]

1. d4 Nf6 2. c4 g6 3. Nc3 d5 4. Bg5 Ne4 5. Nxe4 dxe4 6. e3 Bg7 7. Be2 c5 8. dxc5 Qxd1+ 9. Rxd1 Bxb2 10. f3 Na6 11. fxe4 Nxc5 12. e5 Bxe5 13. Nf3 Bc3+ 14. Nd2 Ne4 15. Bf4 Be6 16. Bf3 Nxd2 17. Bxb7 Nxc4+ 18. Kf2 O-O 19. Bxa8 Rxa8 20. Rd3 Be5 21. Bh6 Bg7 22. Bg5 f6 23. Bf4 Kf7 24. Kf3 f5 25. Rb1 Ne5+ 26. Bxe5 Bxe5 27. Rb5 Bc4 28. Rbd5 Bxd5+ 29. Rxd5 Bd6 30. h4 a5 31. g4 fxg4+ 32. Kxg4 a4 33. h5 a3 34. h6 Ra4+ 35. Kg5 Re4 36. Rd3 Re5+ 37. Kg4 Rh5 38. Kf3 Rxh6 39. Ke2 Rh2+ 40. Kf3 Rxa2 41. Ke4 Rb2 42. Kf3 a2 43. Ke4 a1=Q 44. Kf3 Qf1+ 45. Ke4 Rb4+ 46. Rd4 Qb1+ 47. Kd5 Qf5+ 48. Kc6 Qb5# 0-1

[Event "Winnipeg TNT April op"]
[Site "Winnipeg CAN"]
[Date "2017.04.11"]
[Round "2"]
[White "Magyar, Peter"]
[Black "Reimer, Bruce"]
[Result "0-1"]
[WhiteElo "1529"]
[BlackElo "1658"]
[WhiteFideId "-1"]
[WhiteFideId "-1"]
[PlyCount "54"]
[GameId "2160767908412217"]
[EventDate "2017.04.04"]
[EventType "swiss"]
[EventRounds "4"]
[EventCountry "CAN"]
[SourceTitle "EXT 2022"]
[Source "ChessBase"]
[SourceDate "2021.10.06"]
[SourceVersion "1"]
[SourceVersionDate "2021.10.06"]
[SourceQuality "1"]

1. d4 g6 2. Nf3 Bg7 3. Bf4 d6 4. e3 a6 5. Be2 b5 6. c3 Nd7 7. Nbd2 Bb7 8. c4 b4 9. b3 Ngf6 10. h3 O-O 11. Rc1 c5 12. O-O h6 13. d5 Ra7 14. Bd3 a5 15. Qc2 Nh5 16. Bh2 Nb6 17. Nh4 a4 18. Bxg6 axb3 19. Nxb3 fxg6 20. Qxg6 Qe8 21. Qe6+ Qf7 22. Qg6 Rxa2 23. Qe6 Qxe6 24. dxe6 Rf6 25. Ra1 Rxa1 26. Rxa1 Rxe6 27. Nf5 Bxa1 0-1

[Event "Winnipeg TNT April op"]
[Site "Winnipeg CAN"]
[Date "2017.04.11"]
[Round "2"]
[White "Piche, Zachary"]
[Black "Gannon, Keith"]
[Result "1/2-1/2"]
[WhiteElo "1350"]
[BlackElo "1606"]
[WhiteFideId "-1"]
[WhiteFideId "-1"]
[PlyCount "86"]
[GameId "2160767908412220"]
[EventDate "2017.04.04"]
[EventType "swiss"]
[EventRounds "4"]
[EventCountry "CAN"]
[SourceTitle "EXT 2022"]
[Source "ChessBase"]
[SourceDate "2021.10.06"]
[SourceVersion "1"]
[SourceVersionDate "2021.10.06"]
[SourceQuality "1"]

1. d4 d5 2. c4 e6 3. Nc3 Nf6 4. Bg5 Be7 5. Nf3 O-O 6. e3 c6 7. Qc2 Nbd7 8. cxd5 Nxd5 9. Bxe7 Qxe7 10. Nxd5 cxd5 11. Bd3 g6 12. O-O Nf6 13. Ne5 Bd7 14. Qb3 Rab8 15. Rac1 Rfc8 16. h3 a6 17. Rxc8+ Rxc8 18. Qxb7 Qe8 19. Nxd7 Qxd7 20. Qxa6 Qd8 21. Qa3 Ra8 22. Qb3 Rb8 23. Qc2 Rc8 24. Qd2 Ra8 25. a3 Nd7 26. Rc1 Nb6 27. Bb5 h5 28. Bc6 Rc8 29. Bb5 Rxc1+ 30. Qxc1 h4 31. Qc3 g5 32. a4 f5 33. Qc6 Nc8 34. b4 g4 35. hxg4 fxg4 36. Be2 g3 37. Bg4 gxf2+ 38. Kxf2 Qf6+ 39. Bf3 Ne7 40. Qd6 Nf5 41. Qe5 Qg6 42. a5 Ng3 43. b5 Qc2+ 1/2-1/2

[Event "Winnipeg TNT April op"]
[Site "Winnipeg CAN"]
[Date "2017.04.11"]
[Round "2"]
[White "Prince, Colin"]
[Black "Baron, Gustav"]
[Result "0-1"]
[WhiteElo "1865"]
[BlackElo "2139"]
[WhiteFideId "-1"]
[WhiteFideId "-1"]
[PlyCount "110"]
[GameId "2160767908412221"]
[EventDate "2017.04.04"]
[EventType "swiss"]
[EventRounds "4"]
[EventCountry "CAN"]
[SourceTitle "EXT 2022"]
[Source "ChessBase"]
[SourceDate "2021.10.06"]
[SourceVersion "1"]
[SourceVersionDate "2021.10.06"]
[SourceQuality "1"]

1. d4 Nf6 2. c4 e6 3. Nc3 Bb4 4. a3 Bxc3+ 5. bxc3 b6 6. Bg5 Bb7 7. Nf3 d6 8. e3 h6 9. Bh4 g5 10. Bg3 Ne4 11. Rc1 h5 12. h4 g4 13. Nd2 Nxg3 14. fxg3 Nd7 15. e4 Qf6 16. Bd3 O-O-O 17. Qe2 c5 18. Nb3 Bc6 19. Rd1 e5 20. Rf1 Qg6 21. Rf5 f6 22. Kd2 Nf8 23. Rdf1 Nh7 24. Qf2 Bd7 25. dxc5 dxc5 26. Kc2 Bxf5 27. exf5 Qf7 28. Nxc5 bxc5 29. Qxc5+ Qc7 30. Qb5 Rxd3 31. Kxd3 Qd7+ 32. Qd5 Rd8 33. Ke4 Qb7 34. Qxb7+ Kxb7 35. Rb1+ Kc6 36. Rb5 Nf8 37. Ra5 Kb6 38. Rb5+ Kc6 39. Ra5 Kb7 40. Rb5+ Ka8 41. c5 Rb8 42. Ra5 Rd8 43. c6 Rd6 44. Rc5 Kb8 45. c7+ Kc8 46. Ra5 Nd7 47. Rxa7 Ra6 48. Rxa6 Nc5+ 49. Kd5 Nxa6 50. c4 Nxc7+ 51. Ke4 Kb7 52. a4 Kc6 53. Kd3 Kc5 54. Kc3 Na6 55. Kb3 Kb6 0-1

[Event "Winnipeg TNT April op"]
[Site "Winnipeg CAN"]
[Date "2017.04.11"]
[Round "2"]
[White "Remillard, John"]
[Black "Marshall, Carter"]
[Result "1/2-1/2"]
[WhiteElo "1655"]
[BlackElo "1429"]
[WhiteFideId "-1"]
[WhiteFideId "-1"]
[PlyCount "66"]
[GameId "2160767908412222"]
[EventDate "2017.04.04"]
[EventType "swiss"]
[EventRounds "4"]
[EventCountry "CAN"]
[SourceTitle "EXT 2022"]
[Source "ChessBase"]
[SourceDate "2021.10.06"]
[SourceVersion "1"]
[SourceVersionDate "2021.10.06"]
[SourceQuality "1"]

1. c4 e5 2. e4 Nf6 3. d3 Bc5 4. Be2 Nc6 5. Be3 Bxe3 6. fxe3 d6 7. Nc3 O-O 8. Nf3 h6 9. h3 Re8 10. g4 Be6 11. Qb3 Na5 12. Qa4 c5 13. O-O-O a6 14. Nd5 Nxd5 15. exd5 Bd7 16. Qc2 b5 17. Nd2 Qg5 18. e4 b4 19. Kb1 Qe3 20. Nf1 Qd4 21. Ng3 Rab8 22. b3 Qf2 23. Nf5 Bxf5 24. gxf5 f6 25. Rdf1 Qd4 26. Rfg1 Nb7 27. Rg3 Nd8 28. Rhg1 Re7 29. Rg6 Kf8 30. Bh5 Nf7 31. R6g3 Ng5 32. h4 Nh3 33. Rf1 Nf4 1/2-1/2

[Event "Winnipeg TNT April op"]
[Site "Winnipeg CAN"]
[Date "2017.04.11"]
[Round "2"]
[White "Valentino, Marcos"]
[Black "Green, Jim"]
[Result "0-1"]
[WhiteElo "2184"]
[BlackElo "1842"]
[WhiteFideId "-1"]
[WhiteFideId "-1"]
[PlyCount "72"]
[GameId "2160767908412223"]
[EventDate "2017.04.04"]
[EventType "swiss"]
[EventRounds "4"]
[EventCountry "CAN"]
[SourceTitle "EXT 2022"]
[Source "ChessBase"]
[SourceDate "2021.10.06"]
[SourceVersion "1"]
[SourceVersionDate "2021.10.06"]
[SourceQuality "1"]

1. Nf3 d5 2. g3 Nf6 3. Bg2 c6 4. O-O g6 5. b3 Bg7 6. Bb2 O-O 7. d3 Nbd7 8. Nbd2 Re8 9. Re1 Qb6 10. d4 e5 11. Nxe5 Nxe5 12. dxe5 Ng4 13. e3 Nxe5 14. Rb1 Bf5 15. h3 h5 16. Bd4 Qc7 17. f4 Nd7 18. Bxg7 Kxg7 19. e4 dxe4 20. Nxe4 Qb6+ 21. Kh1 Bxe4 22. Rxe4 Rxe4 23. Bxe4 Nf6 24. Bg2 Rd8 25. Qe1 Re8 26. Qd2 Qe3 27. Qxe3 Rxe3 28. Kh2 Re2 29. Rc1 Nd5 30. Kg1 Ne3 31. Be4 Kf6 32. a4 Nf5 33. g4 Rxe4 34. gxf5 Kxf5 35. Rd1 Kxf4 36. Rf1+ Kg3 0-1

[Event "Winnipeg TNT April op"]
[Site "Winnipeg CAN"]
[Date "2017.04.18"]
[Round "3"]
[White "Baron, Gustav"]
[Black "Green, Jim"]
[Result "1-0"]
[WhiteElo "2139"]
[BlackElo "1842"]
[WhiteFideId "-1"]
[WhiteFideId "-1"]
[PlyCount "60"]
[GameId "2160767740850666"]
[EventDate "2017.04.04"]
[EventType "swiss"]
[EventRounds "4"]
[EventCountry "CAN"]
[SourceTitle "EXT 2022"]
[Source "ChessBase"]
[SourceDate "2021.10.06"]
[SourceVersion "1"]
[SourceVersionDate "2021.10.06"]
[SourceQuality "1"]

1. Nf3 d5 2. c4 e6 3. d4 Nf6 4. Nc3 Be7 5. Bf4 c6 6. e3 Nbd7 7. Bd3 dxc4 8. Bxc4 Nd5 9. Bg3 O-O 10. O-O N7f6 11. Rc1 Nxc3 12. bxc3 Ne4 13. Be5 Nf6 14. Qc2 g6 15. Rfd1 b5 16. Bb3 Qb6 17. c4 b4 18. Bf4 Nh5 19. Bh6 c5 20. Ne5 Nf6 21. h3 Bb7 22. dxc5 Qc7 23. Bxf8 a5 24. Nxf7 Nd5 25. Ne5 a4 26. Nd7 Nf6 27. Rd6 Qxd6 28. Rb1 Ra7 29. g3 Ba8 30. f4 Ra5 {Bb7 Qa3} 1-0

[Event "Winnipeg TNT April op"]
[Site "Winnipeg CAN"]
[Date "2017.04.18"]
[Round "3"]
[White "Czarny, Keith"]
[Black "Czypinski, Jaroslaw"]
[Result "0-1"]
[WhiteElo "1661"]
[BlackElo "1892"]
[WhiteFideId "-1"]
[WhiteFideId "-1"]
[PlyCount "120"]
[GameId "2160767908412224"]
[EventDate "2017.04.04"]
[EventType "swiss"]
[EventRounds "4"]
[EventCountry "CAN"]
[SourceTitle "EXT 2022"]
[Source "ChessBase"]
[SourceDate "2021.10.06"]
[SourceVersion "1"]
[SourceVersionDate "2021.10.06"]
[SourceQuality "1"]

1. Nf3 Nf6 2. c4 e6 3. g3 d5 4. cxd5 exd5 5. Bg2 Be7 6. O-O O-O 7. b3 c6 8. Bb2 Nbd7 9. e3 Re8 10. Nc3 Nf8 11. Ne2 Ng6 12. Qc2 Ne4 13. Nc3 Nxc3 14. Bxc3 Bf6 15. Bxf6 Qxf6 16. Qc3 Qxc3 17. dxc3 Ne5 18. Nxe5 Rxe5 19. Rac1 Bf5 20. Rcd1 Re7 21. Rd4 Rd7 22. Rf4 Be6 23. h4 f6 24. Rd1 Rad8 25. Bf3 Kf7 26. Kg2 g6 27. Rfd4 Ke7 28. Be2 Bf5 29. g4 Be6 30. R4d2 g5 31. h5 h6 32. Kg3 f5 33. f3 fxg4 34. fxg4 Rf8 35. Rf1 Rxf1 36. Bxf1 Rd8 37. Rf2 Rf8 38. Rxf8 Kxf8 39. Bd3 Ke7 40. Kf3 Kf6 41. e4 Ke5 42. exd5 Bxd5+ 43. Ke3 a5 44. c4 Be6 45. Be2 Bd7 46. Bd1 c5 47. Bf3 b6 48. a4 Be6 49. Be2 Bg8 50. Bd3 Kf6 51. Bf5 Bf7 52. Ke4 Be8 53. Ke3 Bxh5 54. Bc8 Bg6 55. Bb7 Bc2 56. Bc6 Bxb3 57. Bb5 Bd1 58. Bd7 Ke5 59. Kd2 Bb3 60. Ke3 Bxc4 0-1

[Event "Winnipeg TNT April op"]
[Site "Winnipeg CAN"]
[Date "2017.04.18"]
[Round "3"]
[White "Gannon, Keith"]
[Black "Lei, Yanyu"]
[Result "1-0"]
[WhiteElo "1606"]
[BlackElo "1251"]
[WhiteFideId "-1"]
[WhiteFideId "-1"]
[PlyCount "87"]
[GameId "2160767908412225"]
[EventDate "2017.04.04"]
[EventType "swiss"]
[EventRounds "4"]
[EventCountry "CAN"]
[SourceTitle "EXT 2022"]
[Source "ChessBase"]
[SourceDate "2021.10.06"]
[SourceVersion "1"]
[SourceVersionDate "2021.10.06"]
[SourceQuality "1"]

1. e4 e6 2. d4 d5 3. exd5 Qxd5 4. Nf3 Nc6 5. Be2 b6 6. O-O Bb7 7. c4 Qd7 8. Nc3 Nf6 9. a3 O-O-O 10. Be3 Ng4 11. b4 e5 12. d5 Nxb4 13. axb4 Bxb4 14. Ne4 f5 15. Neg5 Kb8 16. Qa4 Ba5 17. Qxd7 Rxd7 18. Bd2 Bxd2 19. Nxd2 c6 20. Bxg4 fxg4 21. dxc6 Bxc6 22. Nge4 h5 23. f4 gxf3 24. Rxf3 Rhd8 25. Rf2 Rd4 26. Re1 a5 27. Rfe2 a4 28. Nf3 R4d7 29. Nxe5 Rc7 30. Nxc6+ Rxc6 31. Rd2 Re8 32. Kf2 Rxc4 33. Nd6 Rf8+ 34. Ke2 Rg4 35. Kd1 Ka7 36. Nb5+ Ka6 37. Nc7+ Kb7 38. Nb5 Ra8 39. Na3 Kc6 40. Re6+ Kc5 41. Kc1 b5 42. Re5+ Kb4 43. Kb2 Rc8 44. Rxb5# 1-0